عرض عادي
عرض مارك
- Dehne, F.
مدخل إسم شخص
001 - رقم الضبط
- حقل الضبط: 39736
003 - معرف رقم الضبط
- حقل الضبط: OSt
005 - تاريخ ووقت أخر عملية
- حقل الضبط: 20131114161845.0
008 - عناصر بيانات ثابتة الطول
- حقل تحكم ثابت الطول: 131114|||a|||||| | ||| d
040 ## - مصدر الفهرسة
- هيئة الفهرسة الأصلية: OSt
- وكالة الكتابة: OSt
100 ## - مدخل -- أسم شخص
- إسم شخص: Dehne, F.
- الشكل الكامل للاسم: (Frank),
- تواريخ مرتبطة بالاسم: 1960-
670 ## - بيانات المصدر موجوده
- الاستشهاد بالمصدر: Work cat.: (OSt)0: IWPEC 2004 (2004 : Bergen, Norway) 39730, Parameterized and exact computation :, c2004.
